000 00543nam a2200181 i 4500
001 150134
003 ES-MaACL
005 20250907063115.0
007 t|
008 071026s1924 sp ||||1| spa d
080 _a821.134.2-14"19"
100 1 _aVando-Villar, Isaac del,
_d1890-1963
_9113071
245 1 3 _aLa sombrilla japonesa /
_cIsaac del Vando-Villar.
260 _a[Sevilla :
_bs.n.],
_c1924 (
_fImp. La Exposición)
300 _a[54] p. :
_b1 retr. ;
_c26 cm.
852 _aES-MaACL
_j1662-F-10
999 _c150134
_d150134